| 000 | 00579nam a2200181 4500 | ||
|---|---|---|---|
| 999 |
_c169143 _d169143 |
||
| 005 | 20191107104607.0 | ||
| 010 | _aENG-126844 | ||
| 020 |
_c425.00 _a9789353166021 |
||
| 035 | _aEN-110376 | ||
| 037 | _bDBAD/PUB | ||
| 082 | _a535.0 | ||
| 100 | _aBahety, Sanjay K. | ||
| 245 |
_aElectricity and magnetism for JEE main and advanced / _cby Sanjay Agrawal |
||
| 260 |
_a Delhi _bMCGraw Hill Education _c2019 |
||
| 270 |
_a444/1, Sri Ekambara Naicker Industrial Estate, Chennai _e600116 |
||
| 300 |
_avarious paging _c27cm(pbk) |
||
| 942 |
_2ddc _cEN _h375.00 _mAGR |
||